[Event "ICS rated blitz match"]
[Site "207.99.83.227"]
[Date "1999.04.05"]
[Round "?"]
[White "GIRONA"]
[Black "Hossa"]
[Result "0-1"]
[WhiteElo "2081"]
[BlackElo "2461"]
[Annotator "Fritz 5.32 (15s)"]
[PlyCount "68"]

1. Nf3 Nf6 2. c4 e6 3. d4 Be7 4. g3 O-O 5. Bg2 d5 6. O-O dxc4 7. Ne5 c5 8. dxc5
Bxc5 9. Nc3 Qc7 10. Bf4 (10. Nxc4 Bxf2+ 11. Rxf2 Qxc4 12. Rxf6 gxf6 13. Bh6 Nc6
14. e3 Rd8 15. Qh5 e5 16. Ne4 Qe6 17. Qh4 Kh8 18. Nxf6 Ne7 19. Rf1 Ng6 20. Qh5
Rg8 21. Bg5 Rg7 22. Qh6 Nf8 23. Rd1 Qf5 24. Rd8 Qb1+ 25. Kf2 Qxb2+ 26. Kg1 Qb1+
27. Kf2 Qxa2+ 28. Kg1 Qb1+ 29. Kf2 Qc2+ 30. Kg1 Bh3 31. Rxf8+ Rxf8 32. Bxh3
32... Rd8 {0-1 Thinius Marco-Computer/It (open), Berlin (Germany) 1992 (32)})
10... Nh5 11. e4 $19 (11. Nb5 Qb6 12. a4 Nxf4 13. gxf4 Nc6 14. Nxc4 Qd8 15. e3
Qe7 16. Qh5 g6 17. Qf3 e5 18. Rfd1 h5 19. h3 a6 20. Nc3 exf4 21. Qxf4 Be6 22.
Ne5 Nxe5 23. Qxe5 Bc8 24. Qf4 g5 25. Qg3 f5 26. Nd5 Qg7 27. Rac1 f4 28. exf4
Bd6 29. Qxg5 Bxf4 30. Ne7+ Kh8 31. Qxh5+ Bh6 32. Ng6+ {
1-0 Skutta,B-Heuser,G/NRW-I 8788 1988 (32)}) (11. e3 $5 $142 11... Nxf4 12.
exf4 $15) 11... Nxf4 12. gxf4 Nc6 13. Nxc4 Qxf4 14. Rc1 Rd8 15. Qh5 (15. Qf3
Qxf3 16. Bxf3 16... b6 $19) 15... Bxf2+ (15... e5 16. Rcd1 Bg4 17. Rxd8+ Rxd8
18. Qh4 $19) 16. Kh1 Nd4 17. Ne2 $19 (17. Rcd1 g6 18. Ne2 18... Qc7 $15 (18...
gxh5 $6 19. Nxf4 Bh4 20. Nxh5 $15)) 17... Qh4 18. Qxh4 {Droht Matt} 18... Bxh4
19. Nxd4 Rxd4 20. Ne5 (20. Rfd1 Rxd1+ 21. Rxd1 21... e5 $19) 20... Bg5 (20...
Bf6 21. Nxf7 Kxf7 22. e5 $17) 21. Rc7 f6 22. Nf3 Rd7 23. Rc4 (23. Rxd7 Bxd7 24.
Nxg5 24... fxg5 $19) 23... Bf4 24. Bh3 Rd6 25. e5 fxe5 26. Re4 Bd7 27. Nxe5
27... Bxe5 {Schwarz fuehrt die Partie kraftvoll zu Ende} 28. Rxe5 Rf8 29. Rfe1
Rf2 30. Bxe6+ (30. R5e2 Rxe2 31. Rxe2 31... Kf7 $19) 30... Bxe6 31. Rxe6 31...
Rxe6 {Mit der Mattdrohung Rxe1} 32. Rxe6 Rxb2 33. Re7 (33. a3 Kf7 34. Re3 34...
Rc2 $19) 33... Rxa2 34. Rxb7 a5 (34... a5 35. h4 35... h5 $19) 0-1

[Event "ICS rated blitz match"]
[Site "207.99.83.227"]
[Date "1999.04.05"]
[Round "?"]
[White "Hossa"]
[Black "GIRONA"]
[Result "1-0"]
[WhiteElo "2464"]
[BlackElo "2078"]
[Annotator "Fritz 5.32 (15s)"]
[PlyCount "43"]

1. e4 e5 2. Nf3 Nc6 3. Bc4 Bc5 4. c3 Nf6 5. d4 exd4 6. e5 d5 7. Bb5 Ne4 8. cxd4
Be7 9. O-O (9. Nbd2 O-O 10. O-O f6 11. Bxc6 bxc6 12. Qc2 Nxd2 13. Nxd2 fxe5 14.
Qxc6 Rb8 15. dxe5 Rb6 16. Qc2 Rg6 17. f4 Bh3 18. Rf2 Bh4 19. Re2 Rxf4 20. Nf1
Rfg4 21. Ne3 R4g5 22. Kh1 d4 23. Rd2 Qa8 24. Qc5 Kh8 25. Nd5 Rxg2 26. Qxd4
26... Qxd5 {
0-1 Shaposhnikov Evgeny-Gordienko E/Ch Russia (cadets) (under 1996 (26)}) 9...
O-O 10. Nc3 10... f5 $14 (10... Bg4 $5 $11 {ist nicht von der Hand zu weisen}
11. Be2 Kh8 12. h3 Bh5 13. Ne1 Bg6 14. Be3 f6 15. exf6 Bxf6 16. Nf3 Qd6 17. Rc1
a6 18. Re1 Nd8 19. Ne5 Bf5 20. Bf4 Bxe5 21. Bxe5 Qg6 22. Bh5 Qg5 23. Nxe4 Bxe4
24. Qg4 Qxg4 25. Bxg4 {
Gadjilu Rauf-Ginsburg Gennadi/Zt, Nikolaev (Ukraine) (4) 1993/1-0 (46)}) 11.
exf6 (11. Qa4 Nxc3 12. bxc3 12... Bd7 $14) 11... Bxf6 12. Nxe4 (12. Re1 12...
Bf5 $14) 12... dxe4 {Wird der Isolani fallen?} 13. Bxc6 $15 (13. Qb3+ Kh8 14.
Bxc6 14... bxc6 $11) 13... bxc6 14. Ne5 {
Von e5 entfaltet der Springer einige Wirkung} 14... Qd5 15. Bf4 Rb8 16. b3
16... Rb4 $11 (16... c5 17. dxc5 Qe6 18. Qh5 $15) 17. Qc2 {
Isolierte Bauern sind verwundbar} 17... Rxd4 ({Dagegen} 17... Qxd4 18. Rad1 Qb6
19. Nxc6 $18 (19. Qxc6 $6 19... Qxc6 20. Nxc6 Rb6 21. Nxa7 21... Ba6 $14)) 18.
Nxc6 18... Rd3 $14 (18... Ba6 19. Rfd1 Rd3 20. Be5 $15) 19. Rac1 19... Rc3 $4
$18 (19... a5 $14 $142 {haette die Partie gerettet}) 20. Qxc3 $1 {
nun ist alles klar} 20... Bxc3 (20... Qf7 {hilft auch nicht mehr} 21. Qg3 Bb2
22. Rc5 $18) 21. Ne7+ Kh8 22. Nxd5 (22. Nxd5 Ba5 23. Rfd1 $18) 1-0

[Event "ICS rated blitz match"]
[Site "207.99.83.227"]
[Date "1999.04.05"]
[Round "?"]
[White "GIRONA"]
[Black "Hossa"]
[Result "0-1"]
[WhiteElo "2075"]
[BlackElo "2467"]
[Annotator "Fritz 5.32 (15s)"]
[PlyCount "56"]

1. e4 e5 2. Nf3 Nc6 3. Bb5 a6 4. Ba4 Nf6 5. O-O Be7 6. Re1 b5 7. Bb3 d6 8. c3
O-O 9. h3 Bb7 10. d4 exd4 11. cxd4 d5 12. e5 Ne4 13. Nbd2 13... Bb4 $16 (13...
Nb4 $5 $11 $142 {damit waere Schwarz im Spiel geblieben} 14. Nf1 c5 15. a3 Nc6
16. Ne3 c4 17. Bc2 f5 18. exf6 Nxf6 19. Ng5 Bc8 20. Nf5 Ra7 21. Ne6 Bxe6 22.
Rxe6 Qd7 23. Qe2 Ne4 24. Qg4 Rxf5 25. Rxc6 Qxc6 26. Qxf5 Bf6 27. Be3 g6 28. Qg4
Qd7 29. Bxe4 dxe4 30. Qxe4 Qd6 31. Rd1 Re7 32. Qf3 Kg7 33. g4 h6 34. Rd2 a5 35.
Bf4 Qd8 36. Qc6 g5 37. Bg3 Bxd4 38. Bd6 Re1+ 39. Kg2 Qf6 40. Qd7+ Kg6 41. Bg3
Bc5 42. Rd5 Be7 43. Qxb5 Qe6 44. Qxc4 Qb6 45. Qc2+ Kf7 46. Qh7+ Ke8 47. Qg8+
Bf8 48. Bd6 {1-0 Zagrebelny,S-Glashev,Y/Petrov mem, St Petersburg RUS 1998 (48)
}) 14. a3 $14 (14. Nxe4 dxe4 15. Rxe4 15... Ne7 $16) 14... Ba5 $16 (14... Bxd2
15. Bxd2 Qd7 16. Bc2 $14) 15. Rxe4 $4 $17 {danach wendet sich das Blatt} (15.
Nxe4 $142 15... dxe4 16. Rxe4 $16) 15... dxe4 {Schwarz ergreift die Initiative}
16. Nxe4 16... Nxd4 {Die Oeffnung der d-Linie verschafft Schwarz Drohungen} 17.
Nxd4 (17. Qxd4 Qxd4 18. Nxd4 18... Bxe4 $17) 17... Bxe4 18. e6 18... fxe6 $17 (
18... Qf6 $5 19. exf7+ Kh8 20. Ne6 Rxf7 21. Qe2 $19) 19. Be3 Bd5 20. Nxe6 Bxe6
21. Bxe6+ Kh8 22. Qg4 (22. Bd5 22... Rb8 $19) 22... Bb6 23. Bxb6 cxb6 24. Rd1
Qf6 25. Rd2 Rae8 26. Bd5 (26. Re2 Re7 27. Bd5 Rxe2 28. Qxe2 28... Qg5 $19)
26... Re1+ 27. Kh2 Qd6+ (27... Qe5+ 28. Qg3 Rh1+ 29. Kxh1 Qe1+ 30. Kh2 Qxd2 31.
Bb7 $19) 28. g3 $4 {damit ist die Partie vorbei} (28. Qg3 $142 28... Qxg3+ 29.
Kxg3 $19) 28... Qxd5 $3 {ein kraftvolles Opfer, das die Partie entscheidet} (
28... Qxd5 29. Qe4 Qxe4 30. f3 Qxf3 31. Rg2 Qd1 32. g4 Qd6+ 33. Rg3 Rf2#) 0-1

[Event "ICS rated blitz match"]
[Site "207.99.83.227"]
[Date "1999.04.05"]
[Round "?"]
[White "Hossa"]
[Black "Prof-Moriarty"]
[Result "1-0"]
[WhiteElo "2470"]
[BlackElo "2224"]
[Annotator "Fritz 5.32 (15s)"]
[PlyCount "15"]

1. e4 c5 2. Bc4 e5 (2... Nc6 3. a3 g6 4. Nc3 Bg7 5. Nge2 e6 6. d3 Nge7 7. Bg5
h6 8. Bf4 a6 9. Qd2 b5 10. Ba2 Bb7 11. O-O Qa5 12. Bb3 Rc8 13. Bd6 Qb6 14. Bf4
f5 15. exf5 gxf5 16. Rae1 Kf7 17. Qd1 {
Bradaric,R-Bistric,F/Open, Kastel Stari CRO 1997/0-1 (29)}) (2... e6 3. Qe2 Nc6
4. c3 Be7 5. Nf3 a6 6. a4 d5 7. exd5 exd5 8. Bd3 Nf6 9. O-O O-O 10. b3 Re8 11.
Re1 Bg4 12. h3 Bd6 13. Qd1 Bxf3 14. gxf3 Rxe1+ 15. Qxe1 Nh5 16. Bxh7+ Kxh7 17.
d3 Qh4 18. Qf1 Re8 19. a5 19... Nf4 {0-1 Yates,T-Ploehn,H/IECG 1997 (19)}) 3.
Nf3 $146 (3. Bxf7+ Kxf7 4. Qh5+ g6 5. Qxe5 Nf6 6. d3 d6 7. Qf4 Nc6 8. c3 Ne5 9.
Qd2 Nfg4 10. h3 Nf6 11. Ne2 h5 12. b3 Be6 13. d4 cxd4 14. cxd4 Bh6 15. f4 Nxe4
16. Qe3 Qh4+ 17. g3 Nxg3 18. Qxg3 Nd3+ 19. Kd2 Bxf4+ 20. Nxf4 Qxg3 21. Nxd3
Qg2+ 22. Kc3 Qxh1 23. Bf4 Rhc8+ 24. Kb2 Qf3 25. Nd2 Qxd3 26. Rf1 26... Rc2+ {
0-1 von der Locht,W-Beutel,H/corr BdF 1988 (26)}) (3. f4 Nc6 4. Nf3 exf4 5. O-O
g5 6. d4 cxd4 7. c3 Bc5 8. cxd4 (8. cxd4 Nxd4 9. Nxd4 Qb6 10. Kh1 Bxd4 11. Nc3
Bxc3 12. bxc3 Ne7 13. g3 d5 14. Bxd5 Bh3 15. Qh5 Bxf1 16. Qxf7+ Kd8 17. Ba3 Re8
18. Rd1 Be2 19. Bc6+ Bxd1 20. Qxe8+ {1-0 Cochrane,R-Staunton,H/London 1842 (20)
}) 8... Nxd4 9. Nxd4 Qb6 10. Kh1 Bxd4 11. Nc3 Bxc3 12. bxc3 Ne7 13. Ba3 Qf6 14.
e5 Qg6 15. e6 fxe6 16. Qd6 Nf5 17. Qc7 Ne3 18. Qc5 Qg7 19. Bb5 a6 20. Rae1
20... axb5 {0-1 Cochrane,R-Staunton,H/London 1842 (20)}) 3... d6 {Deckt e5} 4.
O-O $11 (4. Nc3 4... Be7 $14) 4... Nf6 $14 (4... Nc6 5. Nc3 $11) 5. Ng5 d5 6.
exd5 6... Nxd5 $2 $18 (6... Bd6 $5 $16 $142) 7. Nxf7 $1 {das war die Absicht}
7... Kxf7 8. Qf3+ (8. Qf3+ Ke8 9. Qh5+ Kd7 10. Bxd5 $18) (8. Qh5+ Ke6 9. Nc3
Kd7 10. Bxd5 10... Qf6 $18) 1-0

[Event "ICS rated blitz match"]
[Site "207.99.83.227"]
[Date "1999.04.05"]
[Round "?"]
[White "Prof-Moriarty"]
[Black "Hossa"]
[Result "0-1"]
[WhiteElo "2218"]
[BlackElo "2476"]
[Annotator "Fritz 5.32 (15s)"]
[PlyCount "70"]

1. d4 Nf6 2. Nf3 e6 3. e3 Be7 4. Bd3 O-O 5. O-O (5. b3 b6 6. O-O Bb7 7. Nbd2 d5
8. Bb2 Nbd7 9. Ne5 Ne4 10. Nxd7 Qxd7 11. f3 Nxd2 12. Qxd2 c5 13. Rfd1 Rfd8 14.
Qf2 b5 15. dxc5 Bxc5 16. c4 bxc4 17. bxc4 Qc7 18. cxd5 Bxd5 19. Kh1 h6 20. Qe2
e5 21. e4 Bb7 22. Bc4 Kh8 23. Rac1 f6 24. Bb3 Qe7 25. h3 {
- Frenklakh,J-Zarcovic,D/Cala Galdana g-16 1996 (25)}) 5... d5 6. Nbd2 6... Nc6
$14 (6... Nbd7 7. Qe2 c5 8. c3 cxd4 9. exd4 a6 10. Ne5 Nxe5 11. dxe5 Ne8 12.
Nf3 Bd7 13. Re1 g6 14. Bh6 Ng7 15. Rad1 Qa5 16. Bb1 Rfc8 17. Nd4 Qd8 18. Qg4
Nf5 19. Nxf5 exf5 20. Qg3 Be6 21. Qe3 {
Stranegger,E-Klocker,H/AUT-chT2S 1993/1-0 (42)}) (6... c5 7. c3 Nc6 8. Re1 (8.
Qe2 Nd7 9. e4 cxd4 10. cxd4 Nb4 11. Bb1 b6 12. Re1 Ba6 13. Qe3 Rc8 14. a3 Nc6
15. b4 dxe4 16. Nxe4 Nf6 17. Nc3 Nd5 18. Nxd5 exd5 19. Bb2 Bf6 20. Bf5 Rc7 21.
Rad1 Ne7 22. Bb1 22... Nc8 {Kan,I-Chekhover,V/URS-ch14 Moscow 1945/0-1 (69)})
8... Rb8 9. Qe2 a6 10. a4 Nd7 11. e4 dxe4 12. Nxe4 cxd4 13. cxd4 Nb4 14. Bf4
Ra8 15. Rac1 Nxd3 16. Qxd3 Nf6 17. Bc7 Qd7 18. b3 Nxe4 19. Qxe4 Bb4 20. Re2 Qd5
21. Qd3 {Gajai,C-Porubszky Angyalosine,M/HUN-chT 9394 1994/ - (46)}) (6... b6
7. c4 $11) 7. b3 $11 (7. c3 7... Bd6 $14) 7... b6 (7... Nb4 8. Be2 $11) 8. Bb2
(8. c3 8... Bb7 $14) 8... Bb7 (8... Nb4 9. Be2 $11) 9. a3 {Ueberdeckt b4} 9...
Bd6 10. Ne5 $11 (10. c4 10... Nb8 $14) 10... Rc8 11. f4 (11. Qf3 11... Ne7 $11)
11... Ne7 12. Qf3 c5 13. g4 $15 (13. dxc5 Bxc5 14. Qh3 14... h6 $11) 13... cxd4
$11 (13... c4 14. bxc4 dxc4 15. Qxb7 cxd3 16. c4 $11) 14. exd4 Nc6 (14... Qc7
15. Rfe1 $11) 15. g5 {Raumgewinn} 15... Nxe5 (15... Nd7 16. Qh3 g6 17. Rfe1 $11
) 16. fxe5 $11 {Raumvorteil} (16. dxe5 $5 {ist interessant} 16... Bc5+ 17. Kh1
$14) 16... Ne4 {Der Brueckenkopf e4} 17. Nxe4 $15 (17. Qg2 $5 17... Bc7 18.
Nxe4 dxe4 19. Be2 $14) 17... dxe4 18. Bxe4 Bxe4 19. Qxe4 Qxg5+ 20. Kh1 20...
Qd2 $14 {Mit Angriff auf den rueckstaendigen Bauern} (20... f5 21. exf6 Rxf6
22. Rxf6 Qxf6 23. c4 $11) 21. Rac1 $11 (21. Bc1 Qc3 22. exd6 22... Qxa1 $11)
21... Bb8 22. Rg1 22... Kh8 $14 (22... f5 $5 {ist zu ueberlegen} 23. Qg2 Qxg2+
24. Rxg2 24... a6 $11) 23. Rg2 Qh6 24. Rcg1 f5 (24... Rg8 $5 $16) 25. exf6 $1 {
haelt den Vorteil fest} 25... Rxf6 26. d5 Rg6 (26... exd5 27. Bxf6 Qxf6 28.
Qxd5 $18) 27. dxe6 $1 {
Der Freibauer e6 fuehrt schnell zu Drohungen. ganz unerschrocken.} 27... Qh5
28. e7 {Droht Matt: e8Q} 28... Re8 29. Qe2 $11 (29. Rf1 Bd6 30. Rf8+ Rxf8 31.
e8=Q $14 (31. exf8=Q+ $6 31... Bxf8 32. Rxg6 32... hxg6 $11)) 29... Qxe2 {
Es droht Matt} 30. Rxe2 Rxg1+ 31. Kxg1 Bd6 32. Bc3 $15 (32. Rd2 $5 {
ist nicht von der Hand zu weisen} 32... Bxe7 33. Rd7 $14) 32... Rxe7 $11 (32...
Bxa3 33. b4 $15) 33. Rxe7 {Droht Matt} 33... Bxe7 34. a4 Bf6 35. Kg2 $4 $19 (
35. Bb4 $11 $142 {war die einzige Moeglichkeit, noch zu kaempfen}) 35... Bxc3 (
35... Bxc3 36. Kf3 36... g5 $19) 0-1

[Event "ICS rated blitz match"]
[Site "207.99.83.227"]
[Date "1999.04.05"]
[Round "?"]
[White "Hossa"]
[Black "nimraz"]
[Result "1-0"]
[WhiteElo "2482"]
[BlackElo "2174"]
[Annotator "Fritz 5.32 (15s)"]
[PlyCount "55"]

1. e4 c5 2. Bc4 e6 3. Nc3 a6 4. a4 Qc7 5. Nf3 Nc6 6. O-O Nf6 7. d3 7... Ng4
$146 (7... Be7 8. Re1 (8. g3 b6 9. Bf4 e5 10. Bd2 d6 11. Nd5 Nxd5 12. Bxd5 Bg4
13. Kg2 Nd4 14. Bxf7+ Kd8 15. Qc1 Bxf3+ 16. Kg1 16... Ne2# {
0-1 Lietz,W-Aschenbrenner,R/Velden op (5/89) 1995 (16)}) 8... d6 9. d4 cxd4 10.
Nxd4 O-O 11. Ba2 Nb4 12. Bb3 Bd7 13. Be3 Rfe8 14. f3 d5 15. Qd2 dxe4 16. Nxe4
Nbd5 17. c3 Nxe3 18. Nxf6+ Bxf6 19. Qxe3 Rad8 20. Ne2 Bh4 21. g3 Be7 22. Kg2
Bc6 23. Rad1 Bc5 24. Qc1 Rxd1 25. Bxd1 Qe5 26. Qf4 Qe3 27. Qxe3 Bxe3 28. Bc2
Rd8 29. Rd1 {- Roque,R-Brodie,H/Canadian Open, Winnipeg CAN 1997 (29)}) (7...
b6 8. Bg5 $11) 8. h3 h5 9. Bg5 $11 (9. Re1 9... Nge5 $14) 9... Nd4 {Droht Matt}
10. hxg4 $15 (10. Re1 $5 10... f6 11. Bh4 (11. hxg4 $143 11... hxg4 12. Nxd4
12... cxd4 $17) 11... Nxf3+ 12. Qxf3 Qh2+ 13. Kf1 $11) 10... hxg4 11. Nh4 f6
12. Bxf6 gxf6 13. Qxg4 13... Be7 $11 (13... Kd8 $5 {
ist die kritische Fortsetzung} 14. Bb3 14... d5 $17) 14. Rac1 (14. Rfc1 Bd8 15.
g3 15... d6 $11) 14... f5 $16 {
Schwarz muss dringend die Entwicklung vorantreiben.} (14... d5 $5 $142 {
sieht noch spielbar aus} 15. exd5 exd5 16. Nxd5 Qd6 17. Qg6+ 17... Kd8 $11) 15.
Qg7 $1 {die richtige Fortsetzung, um den Vorteil festzuhalten} 15... Rxh4 $2
$18 (15... Rf8 $142 16. Ng6 Rf7 17. Qg8+ 17... Bf8 $16) 16. Qg8+ 16... Bf8 {
Droht Matt: Qh2} 17. Qg6+ Kd8 18. Qg5+ Ke8 19. Qxh4 b6 (19... Bg7 20. exf5 Nxf5
21. Nd5 $18) 20. Qh5+ Kd8 21. exf5 (21. Qg5+ {laesst dem Gegner kaum Chancen}
21... Ke8 $18) 21... Bb7 (21... Nxf5 22. Bd5 22... Bb7 $18) 22. Qf7 {
Es droht Matt} 22... Bd6 (22... Qe5 23. Qxf8+ Kc7 24. Qh6 $18) 23. Qg8+ ({
Weniger gut ist} 23. fxe6 23... dxe6 24. Bxe6 Bh2+ 25. Kh1 Qxf7 26. Bxf7 26...
Bf4 $18) 23... Ke7 {Mit der Mattdrohung Nf3} 24. Qg5+ (24. Qg7+ {ist genauer}
24... Ke8 25. Qg6+ 25... Kd8 $18) 24... Kf7 25. Qg6+ Kf8 26. f6 (26. Qf6+ $5
$142 {gibt noch groesseren Vorteil} 26... Ke8 27. Rfe1 27... Bc8 $18) 26... Nf5
27. Rce1 Bh2+ 28. Kh1 (28. Kh1 Bf4 29. Bd5 $18) 1-0

[Event "ICS rated blitz match"]
[Site "207.99.83.227"]
[Date "1999.04.05"]
[Round "?"]
[White "nimraz"]
[Black "Hossa"]
[Result "0-1"]
[WhiteElo "2169"]
[BlackElo "2487"]
[Annotator "Fritz 5.32 (15s)"]
[PlyCount "64"]

1. Nf3 d5 2. g3 e6 3. Bg2 3... Bb4 $146 (3... Nf6 4. O-O Be7 5. d3 O-O (5...
Nbd7 6. Nbd2 c6 7. c4 O-O 8. b3 a5 9. a3 b5 10. Qc2 Bb7 11. Bb2 Qb6 12. Bd4 c5
13. Bb2 b4 14. a4 d4 15. Rae1 Bd6 16. e4 Bc7 17. Re2 Bc6 18. Ne1 Rad8 19. Bc1
Qb8 20. f4 {Filgueira,H-Benk,F/Clarin GP, Villa Martelli ARG 1997/0-1 (48)}) 6.
Nbd2 b6 7. e4 dxe4 8. dxe4 Bb7 9. e5 Ne8 10. Qe2 c5 11. Re1 Nc6 12. c3 Qc7 13.
h4 Rd8 14. Nf1 Qc8 15. Bf4 Ba6 16. Qe3 Nc7 17. Ng5 Bxg5 18. Bxg5 {
Kyhle,B-Greiff,H/Vaxjo ch-Sweden/op 1992/ - (44)}) (3... c5 4. c4 Nc6 5. b3 d4
6. d3 Nf6 7. O-O Be7 8. Bb2 O-O 9. Re1 e5 10. e3 Bg4 11. exd4 exd4 12. Nbd2 Qc7
13. a3 a5 14. Qc2 Rfe8 15. Ne4 Bxf3 16. Bxf3 Ne5 17. Bg2 Ned7 18. f4 Ng4 19.
Bc1 f5 20. Nf2 Bd6 21. Bd5+ Kf8 22. Rxe8+ Rxe8 23. Nxg4 fxg4 24. Be4 Nf6 25.
Bd2 h5 26. Re1 Nxe4 27. dxe4 Be7 28. e5 Bd8 29. Qh7 Qf7 30. f5 b5 31. f6 gxf6
32. Bh6+ Ke7 33. exf6+ {1-0 Kuehn,T-Grosse,K/Bad Zwesten GER 1999 (33)}) (3...
f5 4. d3 (4. O-O Nf6 5. d3 Nc6 6. c4 dxc4 7. dxc4 Qxd1 8. Rxd1 e5 9. Nc3 e4 10.
Ng5 h6 11. Nh3 g5 12. Nb5 Rh7 13. b3 a6 14. Bb2 axb5 15. cxb5 Nb4 16. Bxf6 Be6
17. Rd2 Rd7 18. Rxd7 18... Kxd7 {
Kharitonov,A-Moskalenko,V/Moscow ZSKS 1992/ - (28)}) 4... Nf6 5. Nbd2 Be7 6. c4
d4 7. Ne5 O-O 8. Ndf3 Ng4 9. Nxg4 fxg4 10. Nd2 Nc6 11. Ne4 a5 12. Bd2 Bd7 13.
O-O Ne5 14. a3 c5 15. Rb1 a4 16. b4 axb3 17. Qxb3 Bc6 18. Ra1 {
Gillen,P-MacReamonn,B/It open 0/1-0 (29)}) 4. O-O Nf6 5. a3 Be7 6. b4 O-O 7.
Bb2 Nbd7 8. d3 {Sichert e4} 8... b6 9. Nbd2 c5 10. e4 $15 (10. bxc5 bxc5 11.
Rb1 11... Rb8 $11) 10... cxb4 11. axb4 Bxb4 12. exd5 12... Nxd5 $11 (12... exd5
13. Nd4 Bb7 14. Nf5 $15) 13. Ne4 $17 (13. Nh4 Nc5 14. c4 Nxd3 15. Bxg7 Kxg7 16.
cxd5 $14) 13... a6 $15 (13... Bb7 14. Qe2 $17) 14. Nd4 Bb7 15. Qg4 $17 (15. c4
15... Nc7 $15) 15... N5f6 16. Qh3 Nxe4 17. dxe4 Qg5 (17... Nf6 18. Rfd1 Qc7 19.
Qh4 $17) 18. Rad1 Rad8 19. f4 Qe7 20. f5 $19 (20. Ra1 $5 $17) 20... e5 21. f6
$2 (21. Nb3 $19) 21... Nxf6 22. Nf5 (22. Rxf6 {
haette noch versucht werden koennen} 22... Qxf6 23. Rf1 $19) 22... Qc5+ 23. Kh1
Rxd1 (23... Nxe4 $6 {ist weit schwaecher wegen} 24. Rxd8 Qxc2 25. Rxf8+ Bxf8
26. Ne3 (26. Bxe5 $4 {der Bauer ist nicht zu nehmen} 26... Nf2+ 27. Kg1 Nxh3+
28. Bxh3 28... Qe4 $19) 26... Nf2+ 27. Rxf2 Qxf2 28. Bxb7 Qxb2 29. Qf1 $11 (29.
Bxa6 $2 {ist nicht korrekt} 29... Qa3 $19)) (23... Qxc2 {
ist naheliegend und schlecht} 24. Rxd8 Rxd8 25. Bxe5 $19) 24. Rxd1 24... Qxc2 {
Es droht Matt.} 25. Rf1 Qxb2 26. Qh4 Ne8 27. Qg5 Kh8 28. h4 (28. Qg4 {
aendert den traurigen Lauf der Dinge nicht} 28... Bc5 $19) 28... Qe2 29. h5 (
29. Qe3 {lenkt den Gegner vielleicht noch ab} 29... Qxe3 30. Nxe3 $19) 29...
Bxe4 {Droht Matt: Qxg2} 30. Rg1 Bc5 31. h6 {Mit der Mattdrohung hxg7} 31...
Bxf5 (31... gxh6 $5 {ginge schneller} 32. Qxh6 Bxf5 33. Ra1 $19) 32. Qxf5 Bxg1
(32... Bxg1 33. Kxg1 Qe3+ 34. Qf2 Qxf2+ 35. Kxf2 35... gxh6 $19) 0-1

[Event "ICS rated blitz match"]
[Site "207.99.83.227"]
[Date "1999.04.05"]
[Round "?"]
[White "Hossa"]
[Black "nimraz"]
[Result "1-0"]
[WhiteElo "2491"]
[BlackElo "2179"]
[Annotator "Fritz 5.32 (15s)"]
[PlyCount "63"]

1. e4 c5 2. Bc4 e6 3. Nc3 a6 4. a4 Qc7 5. Nf3 Nc6 6. O-O Nf6 7. d3 7... Ng4
$146 (7... Be7 8. Re1 (8. g3 b6 9. Bf4 e5 10. Bd2 d6 11. Nd5 Nxd5 12. Bxd5 Bg4
13. Kg2 Nd4 14. Bxf7+ Kd8 15. Qc1 Bxf3+ 16. Kg1 16... Ne2# {
0-1 Lietz,W-Aschenbrenner,R/Velden op (5/89) 1995 (16)}) 8... d6 9. d4 cxd4 10.
Nxd4 O-O 11. Ba2 Nb4 12. Bb3 Bd7 13. Be3 Rfe8 14. f3 d5 15. Qd2 dxe4 16. Nxe4
Nbd5 17. c3 Nxe3 18. Nxf6+ Bxf6 19. Qxe3 Rad8 20. Ne2 Bh4 21. g3 Be7 22. Kg2
Bc6 23. Rad1 Bc5 24. Qc1 Rxd1 25. Bxd1 Qe5 26. Qf4 Qe3 27. Qxe3 Bxe3 28. Bc2
Rd8 29. Rd1 {- Roque,R-Brodie,H/Canadian Open, Winnipeg CAN 1997 (29)}) (7...
b6 8. Bg5 $11) 8. h3 h5 9. Bg5 $11 (9. Re1 9... Nge5 $14) 9... Nd4 {
Mit der Mattdrohung Nxf3} 10. hxg4 $15 (10. Re1 $5 10... f6 11. Bh4 (11. hxg4
$143 11... hxg4 12. Nxd4 12... cxd4 $17) 11... Nxf3+ 12. Qxf3 Qh2+ 13. Kf1 $11)
10... hxg4 11. Nh4 f6 12. Bxf6 gxf6 13. Qxg4 13... b6 $11 (13... Kd8 14. Bb3
$17) 14. Bd5 $15 (14. Qg6+ Ke7 15. e5 fxe5 16. Qg5+ 16... Ke8 $11) 14... Bb7
$14 {Schwarz hat Entwicklungsnachteil.} (14... Rb8 $5 $15 $142 {
sieht spielbar aus}) 15. Qg6+ Ke7 16. Bxb7 (16. Qg3 Kd8 17. Bxb7 17... Qxb7 $15
) 16... Qxb7 17. Qg4 Kd8 18. Qf4 18... Bd6 $4 $18 {wirft den Vorteil weg} (
18... Rh6 $142 {haette die Niederlage vermieden} 19. Rac1 19... d5 $15) 19.
Qxf6+ $1 {nun ist alles klar} (19. Qxd6 $6 19... Rxh4 20. a5 20... Rh8 $16)
19... Kc7 {Mit Raf8 waere Schwarz nun aus dem Groebsten heraus} 20. e5 Rag8 (
20... Raf8 21. exd6+ Kb8 22. Qe5 Rxh4 23. f3 $15) 21. exd6+ Kb8 22. f3 22...
Ka7 $6 {laesst den Kopf haengen} (22... Rf8 23. Qg5 23... Rfg8 $18) 23. Rac1 (
23. a5 $18 $142 {machte sofort alles klar}) 23... Qc6 (23... Rxh4 24. Qxh4
Nxf3+ 25. Rxf3 Qxf3 26. Qf2 Rxg2+ 27. Qxg2 Qe3+ 28. Kh2 Qh6+ 29. Kg3 Qxc1 30.
Kh3 $18) 24. Qf4 (24. a5 $5 {waere im Gewinnsinne praeziser} 24... bxa5 25. Kf2
25... Rf8 $18) 24... b5 $2 (24... Rxh4 25. Qxh4 Nxf3+ 26. Rxf3 26... Qxf3 $18)
25. axb5 axb5 26. Rf2 e5 (26... Kb8 {waere gleichermassen fruchtlos} 27. Ne4
$18) 27. Qf6 (27. Qf7 {damit wuerde Weiss es sich noch erleichtern} 27... Qxd6
28. Nf5 Qc6 29. Nxd4 29... cxd4 $18) 27... Rf8 28. Qe7 Re8 29. Qf7 Ref8 (29...
Qxd6 {macht keinen grossen Unterschied} 30. Ra1+ Kb6 31. Ng6 $18) 30. Qa2+ Kb8
(30... Kb7 {hilft auch nicht mehr} 31. Ng6 Ra8 32. Qf7 Qxd6 33. Ne4 $18) 31.
Ng6 Qxd6 (31... Rfg8 {nuetzt auch nichts mehr} 32. Nxh8 Rxh8 33. Ra1 $18) 32.
Nxf8 (32. Nxf8 32... Rh1+ $5 33. Kxh1 Qh6+ 34. Kg1 Qxc1+ 35. Nd1 Qxd1+ 36. Kh2
$18) (32. Nxh8 $142 {erleichterte Weiss die Gewinnfuehrung} 32... Rxh8 33. Ra1
33... Kc8 $18) 1-0